Chemistry. (7th ed.) (Record no. 79308)

MARC details
000 -LEADER
fixed length control field 01406nam a2200229 a 4500
008 - FIXED-LENGTH DATA ELEMENTS--GENERAL INFORMATION
fixed length control field 090728s2002 ||||||||||||||||| || u
020 ## - INTERNATIONAL STANDARD BOOK NUMBER
International Standard Book Number 0073656011
050 ## - LIBRARY OF CONGRESS CALL NUMBER
Classification number QD 31.2 Cha
100 ## - MAIN ENTRY--PERSONAL NAME
Personal name Chang, Raymond
245 10 - TITLE STATEMENT
Title Chemistry. (7th ed.)
Statement of responsibility, etc. by Raymond Chang
250 ## - EDITION STATEMENT
Edition statement 7th ed.
260 ## - PUBLICATION, DISTRIBUTION, ETC.
Place of publication, distribution, etc. Boston:
Name of publisher, distributor, etc. McGraw-Hill
Date of publication, distribution, etc. 2002
300 ## - PHYSICAL DESCRIPTION
Extent xxxii, 1001[various pagings]: ill
350 ## -
-- 0.00
650 #0 - SUBJECT ADDED ENTRY--TOPICAL TERM
Topical term or geographic name entry element CHEMISTRY--HANDBOOKS, MANUALS, ETC
995 ## -
-- BINDERY (DAMAGED)
-- 0.00
-- 740205
-- CBU-MAIN LIBRARY (Kitwe)
-- 1
-- 0.00
-- QD 31.2 Cha
-- 5
-- AVAILABLE
-- Jul 28, 2009
-- 740205
-- Short Loan Collection
995 ## -
-- ANNEX COLLECTION (Main Library)
-- 0.00
-- 740200
-- CBU-MAIN LIBRARY (Kitwe)
-- 1
-- 0.00
-- QD 31.2 Cha
-- 3
-- AVAILABLE
-- Jul 28, 2009
-- 740200
-- Annex Low-Usage Collection
995 ## -
-- MAIN LIBRARY OPEN ACCESS
-- 0.00
-- 740202
-- CBU-MAIN LIBRARY (Kitwe)
-- 1
-- 0.00
-- QD 31.2 Cha
-- 2
-- AVAILABLE
-- Jul 28, 2009
-- 740202
-- Main Library Open Access Collection
995 ## -
-- BINDERY (DAMAGED)
-- 0.00
-- 740201
-- CBU-MAIN LIBRARY (Kitwe)
-- 1
-- 0.00
-- QD 31.2 Cha
-- 4
-- AVAILABLE
-- Jul 28, 2009
-- 740201
-- Short Loan Collection
995 ## -
-- SHORT LOAN BOOKS
-- 0.00
-- 740204
-- CBU-MAIN LIBRARY (Kitwe)
-- 1
-- 0.00
-- QD 31.2 Cha
-- 6
-- AVAILABLE
-- Aug 5, 2009
-- 740204
-- Short Loan Collection
995 ## -
-- SHORT LOAN BOOKS
-- 0.00
-- 740203
-- CBU-MAIN LIBRARY (Kitwe)
-- 1
-- 0.00
-- QD 31.2 Cha
-- 1
-- AVAILABLE
-- Jul 28, 2009
-- 740203
-- Short Loan Collection
999 ## -
-- 79308
-- 79308

No items available.